| 000 | 00920nam a2200277Ia 4500 | ||
|---|---|---|---|
| 008 | 240729s9999 xx 000 0 und d | ||
| 022 | _a2521-1242 | ||
| 245 | 0 | _aFinancial Markets, Institutions and Risks | |
| 260 | _aGermany | ||
| 260 | _bAcademic Research and Publishing UG | ||
| 650 | _a Banking | Law | ||
| 650 | _a Business | Social Sciences | ||
| 650 | _a Capital. Capital investments | Social Sciences | ||
| 650 | _a Commerce | ||
| 650 | _a Comparative law. International uniform law | ||
| 650 | _a Finance | ||
| 650 | _a Industries. Land use. Labor | ||
| 650 | _a Law in general. Comparative and uniform law. Jurisprudence | ||
| 650 | _a Management. Industrial management | ||
| 650 | _a Public finance | ||
| 650 | _a Revenue. Taxation. Internal revenue | ||
| 650 | _aSocial Sciences | ||
| 856 | _uhttps://doaj.org/toc/60492ecf84124efb9b6a08a1b7283f62 | ||
| 942 | _2ddc | ||
| 942 | _cDOAJEJ | ||
| 999 |
_c74562 _d74562 |
||
| 945 |
_a1 _bMadushi Gamage _c1 _dMadushi Gamage |
||